| 000 -LEADER |
| fixed length control field |
00552cam a22001577a 4500 |
| 008 - FIXED-LENGTH DATA ELEMENTS--GENERAL INFORMATION |
| fixed length control field |
180718b1957 xxu||||| |||| 00| 0 eng d |
| 082 ## - DEWEY DECIMAL CLASSIFICATION NUMBER |
| Classification number |
B19x6 H926 |
| 100 ## - MAIN ENTRY--PERSONAL NAME |
| Personal name |
Hunton,.Alphaeus W |
| 245 ## - TITLE STATEMENT |
| Title |
Decision in Africa : source of current conflict |
| Statement of responsibility, etc. |
byW.Alphaeus Hunton |
| 260 ## - PUBLICATION, DISTRIBUTION, ETC. |
| Place of publication, distribution, etc. |
New York |
| Name of publisher, distributor, etc. |
International Publication |
| Date of publication, distribution, etc. |
1957 |
| 300 ## - PHYSICAL DESCRIPTION |
| Extent |
255p. |
| 500 ## - GENERAL NOTE |
| General note |
$4.00 |
| 650 ## - SUBJECT ADDED ENTRY--TOPICAL TERM |
| Topical term or geographic name entry element |
Africa --Politics and government. |
| 650 ## - SUBJECT ADDED ENTRY--TOPICAL TERM |
| Topical term or geographic name entry element |
Africa --Economic conditions --1945- [from old catalog] |
| 650 ## - SUBJECT ADDED ENTRY--TOPICAL TERM |
| Topical term or geographic name entry element |
Labor and laboring classes --Africa. [from old catalog] |